00480nam a2200145Ia 4500008004100000020001800041041000800059082001500067100001600082245012900098250000600227260006100233300001300294650002700307210716s2008 xx 000 0 und d a9780070617889 aeng a620.5 PRAT aPradeep, T. aNano: the essentials understanding nanoscience and nanotechnology.bEssentials understanding nanoscience and nanotechnology. a1 aNew DelhibTata McGraw Hill Publishing Company Ltdc2008 axvii,444 aNano Technology(620.5)